|
|
|
|
| LEADER |
00000nam0a2200000 4500 |
| 001 |
361563 |
| 005 |
20231102011412.0 |
| 035 |
|
|
|a (RuTPU)RU\TPU\retro\18893
|
| 090 |
|
|
|a 361563
|
| 100 |
|
|
|a 20210623d1980 km y0rusy50 ca
|
| 101 |
0 |
|
|a rus
|
| 102 |
|
|
|a RU
|
| 105 |
|
|
|a y z 001zy
|
| 200 |
1 |
|
|a Эффективность общественного производства и трудовые ресурсы
|f А. И. Волгин
|
| 210 |
|
|
|a Москва
|c Изд-во стандартов
|d 1980
|
| 215 |
|
|
|a 112 с.
|
| 320 |
|
|
|a Библиография в ссылках
|
| 606 |
1 |
|
|a Общественное производство при социализме
|2 stltpush
|3 (RuTPU)RU\TPU\subj\36540
|9 57883
|
| 606 |
1 |
|
|a Трудовые ресурсы
|x Управление
|2 stltpush
|3 (RuTPU)RU\TPU\subj\37115
|9 58255
|
| 610 |
1 |
|
|a экономическая эффективность
|
| 610 |
1 |
|
|a производственный коллектив
|
| 610 |
1 |
|
|a качество
|
| 610 |
1 |
|
|a труд
|
| 610 |
1 |
|
|a продукция
|
| 610 |
1 |
|
|a кадры
|
| 610 |
1 |
|
|a текучесть
|
| 610 |
1 |
|
|a использование
|
| 610 |
1 |
|
|a социалистическое соревнование
|
| 610 |
1 |
|
|a творческая активность
|
| 686 |
|
|
|a У013.73/.77
|v LBC/SL-A
|2 rubbk
|
| 686 |
|
|
|a У9(2)240
|v LBC/SL-A
|2 rubbk
|
| 700 |
|
1 |
|a Волгин
|b А. И.
|g Анатолий Ивавнович
|
| 801 |
|
1 |
|a RU
|b 63413507
|c 20210623
|
| 942 |
|
|
|c BK
|